Statistiques concernant My hero academia (les personnages et leurs pouvoirs)

Cliquez ici pour prendre le quiz!

Statistiques générales

  • Ce quiz a été pris 401 fois
  • Le résultat moyen est 5 sur 10

Statistiques - réponses

PersonnagesPouvoirs% Correct
Izuku MidoriyaOne For All
98%
Kastuki BakugôExplosion
94%
Ashido MinaAcid
70%
Momo YaoyorozuCréation
70%
Aoyama YûgaNavel laser
66%
Ochaco UrarakaZéro Gravity
51%
Kai ChisakiOverhaul
35%
DabiCrémation
22%
Mirio TogataPerméation
7%
Shotô TodorokiHalf Cold Half Hot
3%

Distribution des résultats

Percentile par nombre de réponses

% des personnes avec chaque résultat

Votre développement - résultats

Vous n’avez pas pris ce quiz